000 00501nam a22001577a 4500
020 _qHard Cover.
082 _a621.3
100 _aButt, Maryam
245 _aNoise Removal from ECG Signal using SSRLS Algorithm /
_cMaryam Butt
260 _aIslamabad :
_bCEME - NUST,
_c2013.
300 _axii, 100 p. : ill. ;
_c30cm.
650 _aElectrical Engineering-MS-Thesis
_916073
700 _aDr. Syed M. Tahir Zaidi
_929746
942 _2ddc
_cTHE
999 _c540649
_d540649